000 01149cam a22003134a 4500
999 _c11159
_d11159
001 14017157
003 OSt
005 20191224151652.0
008 050627s2006 njua b 001 0 eng
010 _a 2005018368
020 _a9788131711385
035 _a(OCoLC)ocm60931295
040 _aDLC
_cDLC
_dYDX
_dBAKER
_dDLC
042 _apcc
050 0 0 _aHB172.5
_b.B573 2006
082 0 0 _a339
_222
_bBLA/M
100 1 _aBlanchard, Olivier
_q(Olivier J.)
_9756
245 1 0 _aMacroeconomics /
_cOlivier Blanchard.
250 _a4th ed.
260 _aUpper Saddle River, N.J. :
_bPearson Prentice Hall,
_cc2006.
300 _axxiv, 587, [35] p. :
_bill. (some col.) ;
_c26 cm.
500 _aIncludes bibliographical references and index.
650 0 _aMacroeconomics.
856 4 1 _3Table of contents
_uhttp://www.loc.gov/catdir/toc/ecip0515/2005018368.html
906 _a7
_bcbc
_corignew
_d1
_eecip
_f20
_gy-gencatlg
942 _2ddc
_cBK
_h339
_iBLA/M
_k339
_mBLA/M